Idu Mishmis (Record no. 359266)

000 -LEADER
fixed length control field 00352cam a22001337a 4500
008 - FIXED-LENGTH DATA ELEMENTS--GENERAL INFORMATION
fixed length control field 180718b1960 xxu||||| |||| 00| 0 eng d
082 ## - DEWEY DECIMAL CLASSIFICATION NUMBER
Classification number BA27x5411 B288
100 ## - MAIN ENTRY--PERSONAL NAME
Personal name Baruah, Tapan Kumar M.
245 ## - TITLE STATEMENT
Title Idu Mishmis
Statement of responsibility, etc. Tapan Kumar M. Baruah
260 ## - PUBLICATION, DISTRIBUTION, ETC.
Place of publication, distribution, etc. Shillong
Name of publisher, distributor, etc. NEFA
Date of publication, distribution, etc. 1960
300 ## - PHYSICAL DESCRIPTION
Extent 110p.
500 ## - GENERAL NOTE
General note Rs.3.55
650 ## - SUBJECT ADDED ENTRY--TOPICAL TERM
Topical term or geographic name entry element Mishmi (Indic people).
Holdings
Withdrawn status Lost status Damaged status Not for loan Permanent Location Current Location Date acquired Full call number Barcode Date last seen Price effective from Koha item type
        Indian Institute of Public Administration Indian Institute of Public Administration 1994-02-07 BA27x5411 B288 29117 2018-07-21 2018-07-21 Book

Powered by Koha